First country for each letter by alphabetical order - Statistics

General Stats
  • This quiz has been taken 51 times
  • The average score is 16 of 24
Answer Stats
Letter Country % Correct
Q Qatar
97%
Z Zambia
95%
O Oman
89%
Y Yemen
87%
V Vanuatu
82%
A Afghanistan
79%
F Fiji
79%
J Jamaica
79%
H Haiti
76%
B Bahamas
74%
G Gabon
74%
K Kazakhstan
74%
N Namibia
74%
U Uganda
74%
P Pakistan
61%
E Ecuador
58%
L Laos
58%
T Tajikistan
55%
I Iceland
53%
D Democratic Republic of the Congo
50%
R Romania
50%
M Madagascar
47%
S Saint Kitts and Nevis
39%
C Cabo Verde
24%
No matching quizzes found
Score Distribution
Percent of People with Each Score
Percentile by Number Answered
Your Score History
You have not taken this quiz